Toward Innovation-driven Growth: Innovation Systems and Policies in EU Member States of Central Eastern Europe
Salvato in:
| Autore principale: | |
|---|---|
| Altri autori: | , |
| Natura: | Libro |
| Lingua: | inglese |
| Pubblicazione: |
Vienna
The Vienna Institute for International Economic Studies
2024
|
| Soggetti: | |
| Tags: |
Nessun Tag, puoi essere il primo ad aggiungerne!!
|
MARC
| LEADER | 00000nlm a2200000 4500 | ||
|---|---|---|---|
| 001 | 0304837 | ||
| 005 | 20241025212749.5 | ||
| 041 | 0 | |a eng | |
| 044 | |a AT | ||
| 245 | 1 | 0 | |a Toward Innovation-driven Growth: Innovation Systems and Policies in EU Member States of Central Eastern Europe |c Zuzana Zavarská ... [et al.] |
| 264 | 1 | |a Vienna |b The Vienna Institute for International Economic Studies |c 2024 | |
| 300 | |a 121 s. | ||
| 610 | 2 | 0 | |a rozvoj vedeckotechnický |
| 610 | 2 | 0 | |a politika inovačná |
| 610 | 2 | 0 | |a inovácie technologické |
| 610 | 2 | 0 | |a stredná Európa |
| 610 | 2 | 0 | |a východná Európa |
| 610 | 2 | 0 | |a Európska únia |
| 100 | 1 | |a Zavarská, Zuzana | |
| 700 | 1 | |a Bykova, Alexandra | |
| 700 | 1 | |a Grieveson, Richard | |